[Event "Istanbul op-A 12th"]
[Site "Istanbul"]
[Date "2013.10.14"]
[Round "4"]
[White "Vospernik, Andrej"]
[Black "Elmas, Mustafaa"]
[Result "0-1"]
[WhiteElo "2099"]
[BlackElo "1926"]
[PlyCount "112"]
[EventDate "2013.10.12"]
[EventType "swiss"]
[EventRounds "9"]
[EventCountry "TUR"]
[SourceTitle "EXT 2014"]
[Source "ChessBase"]
[SourceDate "2013.11.20"]
[SourceVersion "1"]
[SourceVersionDate "2013.11.20"]
[SourceQuality "1"]

1. e4 c5 2. d4 cxd4 3. Nf3 Nc6 4. c3 dxc3 5. Nxc3 e6 6. Bc4 Nf6 7. e5 Ng8 8. 0-0 d5 9. exd6 Bxd6 10. Qe2 Qe7 11. Ne4 Nf6 12. Bg5 Bc7 13. Rac1 h6 14. Bh4 g5 15. Nfxg5 hxg5 16. Bxg5 Bxh2+ 17. Kh1 Bf4+ 18. Kg1 Bxg5 19. Nxg5 Qd6 20. g3 Qe5 21. Qxe5 Nxe5 22. Bb5+ Nc6 23. Rxc6 bxc6 24. Bxc6+ Ke7 25. Bxa8 Ba6 26. Bg2 Bxf1 27. Bxf1 Rd8 28. Nf3 Rd1 29. Kg2 Rb1 30. Ne5 Rxb2 31. Nc6+ Kf8 32. a4 Ng4 33. Bb5 Nxf2 34. Nxa7 Nd1+ 35. Kf3 Nc3 36. Bc6 Nxa4 37. Nb5 Nb6 38. Nd4 Nd5 39. Ne2 Ke7 40. Nd4 Rd2 41. Ne2 Rd3+ 42. Kf2 Kd6 43. Be8 f5 44. Bg6 Rd2 45. Kf3 Ke5 46. Be8 Rd3+ 47. Kf2 Nc3 48. Bh5 Nxe2 49. Bxe2 Rd2 50. Ke3 Rxe2+ 51. Kxe2 Kf6 52. Ke3 Kg5 53. Kf3 e5 54. Kf2 Kg4 55. Kg2 e4 56. Kf2 Kh3 0-1

[Event "Zdar nad Sazavou Vysocina op 8th"]
[Site "Zdar nad Sazavou"]
[Date "2011.10.01"]
[Round "9"]
[White "Lorenc, Oldrich"]
[Black "Vospernik, Andrej"]
[Result "0-1"]
[WhiteElo "2080"]
[BlackElo "2205"]
[PlyCount "70"]
[EventDate "2011.09.24"]
[EventType "swiss"]
[EventRounds "9"]
[EventCountry "CZE"]
[SourceTitle "CBM 144 Extra"]
[Source "ChessBase"]
[SourceDate "2011.10.28"]
[SourceVersion "1"]
[SourceVersionDate "2011.10.28"]
[SourceQuality "1"]

1. Nf3 d5 2. c4 e6 3. b3 dxc4 4. bxc4 Nf6 5. Bb2 Be7 6. g3 c5 7. Bg2 Nc6 8. 0-0 0-0 9. d3 a6 10. Nc3 Rb8 11. Qa4 Nd4 12. e3 Nxf3+ 13. Bxf3 Qc7 14. Qc2 h5 15. Qe2 h4 16. Rab1 Bd7 17. Rfc1 Bc6 18. Ne4 Nd7 19. gxh4 Ne5 20. Bxe5 Qxe5 21. Ng3 Bxh4 22. Bxc6 bxc6 23. f4 Qc7 24. Ne4 Be7 25. Qh5 Rb4 26. Re1 Rfb8 27. Qe5 Qd7 28. Rbd1 f6 29. Nxc5 Bxc5 30. Qxc5 e5 31. Kf2 Rb2+ 32. Kg3 Rg2+ 33. Kf3 Qg4+ 34. Ke4 Qg6+ 35. Kf3 e4+ 0-1

[Event "Zdar nad Sazavou Vysocina op 8th"]
[Site "Zdar nad Sazavou"]
[Date "2011.09.26"]
[Round "3"]
[White "Paldus, Petr"]
[Black "Vospernik, Andrej"]
[Result "1/2-1/2"]
[WhiteElo "2046"]
[BlackElo "2205"]
[PlyCount "65"]
[EventDate "2011.09.24"]
[EventType "swiss"]
[EventRounds "9"]
[EventCountry "CZE"]
[SourceTitle "CBM 144 Extra"]
[Source "ChessBase"]
[SourceDate "2011.10.28"]
[SourceVersion "1"]
[SourceVersionDate "2011.10.28"]
[SourceQuality "1"]

1. Nf3 d6 2. e4 f5 3. exf5 Bxf5 4. Nh4 e6 5. Nxf5 exf5 6. Qf3 Qc8 7. Bc4 Nf6 8. 0-0 Nc6 9. d4 Qd7 10. Re1+ Ne4 11. Nc3 0-0-0 12. Nxe4 fxe4 13. Qxe4 d5 14. Bxd5 Qxd5 15. Qxd5 Rxd5 16. c3 Bd6 17. b4 Rf8 18. Be3 Rdf5 19. a3 Bf4 20. Ra2 b5 21. Bxf4 Rxf4 22. f3 Kd7 23. a4 a6 24. Rae2 R4f7 25. a5 Re7 26. d5 Rxe2 27. dxc6+ Kxc6 28. Rxe2 Kd5 29. Re7 Rc8 30. Re4 c5 31. Kf2 cxb4 32. cxb4 g5 33. Ke3 1/2-1/2

[Event "Kilkenny Masters"]
[Site "Kilkenny"]
[Date "2010.11.27"]
[Round "1"]
[White "Jones, Gawain C B"]
[Black "Vospernik, Andrej"]
[Result "1-0"]
[WhiteElo "2575"]
[BlackElo "2205"]
[PlyCount "55"]
[EventDate "2010.11.27"]
[EventType "swiss"]
[EventRounds "6"]
[EventCountry "IRL"]
[SourceTitle "CBM 139 Extra"]
[Source "ChessBase"]
[SourceDate "2011.01.05"]
[SourceVersion "1"]
[SourceVersionDate "2011.01.05"]
[SourceQuality "1"]

1. e4 d5 2. exd5 Nf6 3. d4 Qxd5 4. Nc3 Qa5 5. Nf3 c6 6. Bc4 Bg4 7. h3 Qh5 8. Be2 e6 9. 0-0 Bxf3 10. Bxf3 Qa5 11. Re1 Be7 12. Bf4 0-0 13. Qd2 Bb4 14. a3 Bxc3 15. bxc3 Nd5 16. c4 Qxd2 17. Bxd2 Nb6 18. c5 Nc4 19. Bf4 b6 20. Be2 Na5 21. Reb1 Nd7 22. Bc7 Rfc8 23. cxb6 axb6 24. Bxb6 c5 25. dxc5 Nxc5 26. Bf3 Ra6 27. Bxc5 Rxc5 28. Rb8+ 1-0

[Event "SLO-chT1 West"]
[Site "Ljubljana"]
[Date "2010.10.16"]
[Round "8.2"]
[White "Gantar, Jan"]
[Black "Vospernik, Andrej"]
[Result "1/2-1/2"]
[WhiteElo "2122"]
[BlackElo "2201"]
[PlyCount "43"]
[EventDate "2010.09.24"]
[EventType "team-tourn"]
[EventRounds "9"]
[EventCountry "SLO"]
[SourceTitle "CBM 138 Extra"]
[Source "ChessBase"]
[SourceDate "2010.10.29"]
[SourceVersion "1"]
[SourceVersionDate "2010.10.29"]
[SourceQuality "1"]
[WhiteTeam "Komenda"]
[BlackTeam "Trebnje BMP"]
[WhiteTeamCountry "SLO"]
[BlackTeamCountry "SLO"]

1. e4 d5 2. exd5 Nf6 3. c4 c6 4. d4 cxd5 5. Nc3 Nc6 6. Nf3 Bg4 7. cxd5 Nxd5 8. Qb3 Bxf3 9. gxf3 Nxc3 10. bxc3 Qb6 11. Qxb6 axb6 12. d5 Ne5 13. Bb5+ Nd7 14. Be3 0-0-0 15. Rb1 e5 16. dxe6 fxe6 17. Bxd7+ Rxd7 18. Rxb6 Rd6 19. Rg1 g6 20. Rg4 Rxb6 21. Bxb6 Bd6 22. h3 1/2-1/2

[Event "Klaksvik op"]
[Site "Klaksvik"]
[Date "2010.07.24"]
[Round "7"]
[White "Lagerman, Robert"]
[Black "Vospernik, Andrej"]
[Result "1/2-1/2"]
[WhiteElo "2282"]
[BlackElo "2188"]
[PlyCount "52"]
[EventDate "2010.07.20"]
[EventType "swiss"]
[EventRounds "9"]
[EventCountry "FAI"]
[SourceTitle "CBM 137 Extra"]
[Source "ChessBase"]
[SourceDate "2010.09.01"]
[SourceVersion "1"]
[SourceVersionDate "2010.09.01"]
[SourceQuality "1"]

1. e4 d5 2. exd5 Nf6 3. d4 Qxd5 4. Nc3 Qa5 5. Bc4 c6 6. Nf3 Bg4 7. h3 Bxf3 8. Qxf3 e6 9. 0-0 Bd6 10. Bd2 Qc7 11. Rfe1 0-0 12. Bg5 Nbd7 13. Ne4 Nxe4 14. Qxe4 Nf6 15. Qh4 Nd5 16. Bd3 g6 17. Re4 Be7 18. Bxe7 Qxe7 19. Qh6 Qf6 20. a3 Rad8 21. Rae1 Ne7 22. Rh4 Qg7 23. Qg5 Nf5 24. Bxf5 exf5 25. Qe7 g5 26. Rh5 h6 1/2-1/2

[Event "SLO-chT1a West"]
[Site "Ljubljana"]
[Date "2009.10.10"]
[Round "2.2"]
[White "Vospernik, Andrej"]
[Black "Bratovic, Blaz"]
[Result "1/2-1/2"]
[WhiteElo "2165"]
[BlackElo "2350"]
[PlyCount "61"]
[EventDate "2009.10.09"]
[EventType "team-tourn"]
[EventRounds "9"]
[EventCountry "SLO"]
[SourceTitle "EXT 2012"]
[Source "ChessBase"]
[SourceDate "2011.11.24"]
[SourceVersion "1"]
[SourceVersionDate "2011.11.24"]
[SourceQuality "1"]
[WhiteTeam "Trebnje BMP"]
[BlackTeam "Gorenjka Lesce"]
[WhiteTeamCountry "SLO"]
[BlackTeamCountry "SLO"]

1. e4 e6 2. d4 d5 3. Bd3 c5 4. c3 cxd4 5. cxd4 dxe4 6. Bxe4 Nf6 7. Bf3 Nc6 8. Ne2 Be7 9. Nbc3 0-0 10. 0-0 Qb6 11. Na4 Qc7 12. Qc2 Bd7 13. Bf4 Bd6 14. Bxd6 Qxd6 15. Nc5 Bc8 16. Ne4 Nxe4 17. Bxe4 g6 18. Rfd1 Rd8 19. a3 Ne7 20. Rac1 Rb8 21. Qc7 Qxc7 22. Rxc7 Nd5 23. Bxd5 Rxd5 24. Ng3 Kg7 25. f4 Bd7 26. Ne4 Ba4 27. b3 Rd7 28. Rdc1 Rxc7 29. Rxc7 Bxb3 30. Ng5 Rf8 31. Rxb7 1/2-1/2

[Event "SLO-chT1a West"]
[Site "Ljubljana"]
[Date "2009.10.09"]
[Round "1.2"]
[White "Skok, Boris"]
[Black "Vospernik, Andrej"]
[Result "1/2-1/2"]
[WhiteElo "2081"]
[BlackElo "2165"]
[PlyCount "58"]
[EventDate "2009.10.09"]
[EventType "team-tourn"]
[EventRounds "9"]
[EventCountry "SLO"]
[SourceTitle "EXT 2012"]
[Source "ChessBase"]
[SourceDate "2011.11.24"]
[SourceVersion "1"]
[SourceVersionDate "2011.11.24"]
[SourceQuality "1"]
[WhiteTeam "Komenda"]
[BlackTeam "Trebnje BMP"]
[WhiteTeamCountry "SLO"]
[BlackTeamCountry "SLO"]

1. d4 Nf6 2. c4 e5 3. dxe5 Ne4 4. Nf3 Bb4+ 5. Nbd2 Nc6 6. a3 Bxd2+ 7. Nxd2 Nxd2 8. Bxd2 Nxe5 9. Bc3 Qe7 10. e3 0-0 11. Be2 d6 12. 0-0 Qe6 13. Qd4 Qg6 14. f4 Nc6 15. Qd2 Bf5 16. Rf3 Qe6 17. g4 Be4 18. Rg3 f6 19. b4 d5 20. b5 Ne7 21. c5 c6 22. a4 Rae8 23. Bd4 h5 24. gxh5 Nf5 25. Bg4 Qf7 26. Bxf5 Bxf5 27. Qg2 Re7 28. Qf3 Qe6 29. h3 Kf7 1/2-1/2

[Event "Athens Acropolis op-A 24th"]
[Site "Chalkida"]
[Date "2009.08.12"]
[Round "3"]
[White "Vospernik, Andrej"]
[Black "Gluckman, David"]
[Result "0-1"]
[WhiteElo "2170"]
[BlackElo "2275"]
[PlyCount "76"]
[EventDate "2009.08.10"]
[EventType "swiss"]
[EventRounds "9"]
[EventCountry "GRE"]
[SourceTitle "CBM 131 Extra"]
[Source "ChessBase"]
[SourceDate "2009.09.03"]
[SourceVersion "2"]
[SourceVersionDate "2009.09.16"]
[SourceQuality "1"]

1. e4 Nf6 2. Bc4 d5 3. exd5 Nxd5 4. d4 g6 5. Nf3 Bg7 6. Nc3 c6 7. Bg5 h6 8. Be3 Be6 9. Bxd5 cxd5 10. Qd2 Nd7 11. 0-0 Nb6 12. Ne5 Kf8 13. f4 Kg8 14. Qe2 Qc8 15. Qf3 h5 16. Rae1 Bf6 17. h3 h4 18. Ng4 Bg7 19. Ne5 Rh5 20. a4 a5 21. Qe2 Nc4 22. Bc1 Ra6 23. Qf3 Rd6 24. Nb5 Rd8 25. c3 Bf5 26. Nxc4 Qxc4 27. Rxe7 Qxa4 28. Rxb7 Be4 29. Qe2 Rf5 30. Qe1 Rf6 31. b3 Qxb3 32. Nd6 Qc2 33. Nxe4 dxe4 34. f5 Rxf5 35. Rxf5 gxf5 36. Bg5 Rc8 37. Rd7 Qxc3 38. Rd8+ Rxd8 0-1

[Event "SLO-chT1 West"]
[Site "Ljubljana"]
[Date "2008.11.15"]
[Round "4.5"]
[White "Skok, Joze"]
[Black "Vospernik, Andrej"]
[Result "1-0"]
[WhiteElo "2031"]
[BlackElo "2182"]
[PlyCount "45"]
[EventDate "2008.11.13"]
[EventType "team-tourn"]
[EventRounds "9"]
[EventCountry "SLO"]
[SourceTitle "EXT 2010"]
[Source "ChessBase"]
[SourceDate "2010.11.25"]
[SourceVersion "1"]
[SourceVersionDate "2010.11.25"]
[SourceQuality "1"]
[WhiteTeam "Domzale"]
[BlackTeam "Trebnje BMP"]
[WhiteTeamCountry "SLO"]
[BlackTeamCountry "SLO"]

1. e4 e6 2. d4 d5 3. Nd2 Nf6 4. e5 Nfd7 5. Bd3 c5 6. c3 Nc6 7. Ne2 Qb6 8. Nf3 cxd4 9. cxd4 Bb4+ 10. Kf1 f6 11. exf6 Nxf6 12. a3 Bd6 13. b4 Bd7 14. Bf4 Bxf4 15. Nxf4 0-0-0 16. Qc2 Kb8 17. Qc5 Qxc5 18. bxc5 Nxd4 19. Nxd4 e5 20. c6 bxc6 21. Rb1+ Ka8 22. Nfe6 Rc8 23. Ba6 1-0

[Event "SLO-chT1 West"]
[Site "Otocec"]
[Date "2006.11.26"]
[Round "9"]
[White "Susnik, Matej"]
[Black "Vospernik, Andrej"]
[Result "1/2-1/2"]
[WhiteElo "2189"]
[BlackElo "2198"]
[PlyCount "41"]
[EventDate "2006.11.16"]
[EventType "team"]
[EventRounds "9"]
[EventCountry "SLO"]
[SourceTitle "EXT 2008"]
[Source "ChessBase"]
[SourceDate "2007.11.25"]
[SourceVersion "1"]
[SourceVersionDate "2007.11.25"]
[SourceQuality "1"]

1. e4 e6 2. d4 d5 3. Nd2 Nf6 4. e5 Nfd7 5. Bd3 c5 6. c3 Nc6 7. Ne2 Qb6 8. Nf3 f6 9. exf6 Nxf6 10. 0-0 Bd6 11. a3 0-0 12. b4 c4 13. Bc2 e5 14. dxe5 Nxe5 15. Nxe5 Bxe5 16. Bf4 Qd6 17. Qd2 Ng4 18. Bxe5 Nxe5 19. Rad1 Be6 20. Qg5 Rf6 21. Rd4 1/2-1/2

[Event "SLO-chT1 West"]
[Site "Otocec"]
[Date "2006.11.25"]
[Round "7"]
[White "Hasanagic, Alim"]
[Black "Vospernik, Andrej"]
[Result "1/2-1/2"]
[WhiteElo "2069"]
[BlackElo "2198"]
[PlyCount "113"]
[EventDate "2006.11.16"]
[EventType "team"]
[EventRounds "9"]
[EventCountry "SLO"]
[SourceTitle "EXT 2008"]
[Source "ChessBase"]
[SourceDate "2007.11.25"]
[SourceVersion "1"]
[SourceVersionDate "2007.11.25"]
[SourceQuality "1"]

1. d4 e6 2. c4 d5 3. Nf3 Nf6 4. g3 Bb4+ 5. Bd2 Qe7 6. Bg2 Ne4 7. 0-0 Bxd2 8. Nfxd2 f5 9. f3 Nf6 10. e4 0-0 11. e5 Nfd7 12. cxd5 exd5 13. f4 Nb6 14. Nc3 Be6 15. Nb3 N8d7 16. Rc1 c6 17. Kh1 a5 18. Qe2 Nc4 19. Na4 b6 20. Na1 b5 21. b3 Na3 22. Nc5 b4 23. Nxd7 Qxd7 24. Nc2 Nb5 25. Qd2 Nc3 26. Ne3 Rac8 27. Nd1 Nb5 28. Rc5 h6 29. Ne3 Qa7 30. g4 Nc3 31. gxf5 Bxf5 32. Nxf5 Rxf5 33. Bh3 Ne4 34. Qe3 Nxc5 35. Bxf5 Nd7 36. Rg1 Re8 37. Qh3 Nf8 38. Qxh6 Re7 39. Qg5 Rf7 40. Rd1 a4 41. Bc2 axb3 42. axb3 Ne6 43. Qg6 Nxf4 44. Qh7+ Kf8 45. e6 Nxe6 46. Bg6 Rf6 47. Re1 Qxd4 48. Qh8+ Ke7 49. Qe8+ Kd6 50. Qb8+ Kd7 51. Be8+ Ke7 52. Bxc6 Rf1+ 53. Rxf1 Qe4+ 54. Kg1 Qe3+ 55. Rf2 Qe1+ 56. Kg2 Qe4+ 57. Kg1 1/2-1/2

[Event "Balatonlelle op"]
[Site "Balatonlelle"]
[Date "2006.06.24"]
[Round "8"]
[White "Vospernik, Andrej"]
[Black "Gara, Gyorgy"]
[Result "1-0"]
[WhiteElo "2202"]
[BlackElo "2120"]
[PlyCount "59"]
[EventDate "2006.06.17"]
[EventType "swiss"]
[EventRounds "9"]
[EventCountry "HUN"]
[SourceTitle "CBM 112 Extra"]
[Source "ChessBase"]
[SourceDate "2006.07.14"]
[SourceVersion "1"]
[SourceVersionDate "2006.07.14"]
[SourceQuality "1"]

1. e4 e6 2. d4 b6 3. f4 Bb7 4. Bd3 f5 5. Qe2 fxe4 6. Bxe4 Bxe4 7. Qxe4 Nc6 8. Nf3 Nf6 9. Qe2 g6 10. Be3 Bg7 11. Nbd2 Nb4 12. Nc4 Qe7 13. c3 Nbd5 14. Bd2 d6 15. 0-0-0 c6 16. Rhe1 Nc7 17. g4 0-0-0 18. Ng5 Qd7 19. Nxe6 Rhe8 20. f5 Nxe6 21. fxe6 Qe7 22. Bg5 h6 23. Bxf6 Bxf6 24. d5 Bh4 25. dxc6 Bxe1 26. Nxb6+ axb6 27. Qa6+ Kb8 28. Qxb6+ Kc8 29. Qa6+ Kb8 30. Rd5 1-0

[Event "Balatonlelle op"]
[Site "Balatonlelle"]
[Date "2006.06.19"]
[Round "3"]
[White "Papp, Gellert"]
[Black "Vospernik, Andrej"]
[Result "1-0"]
[WhiteElo "2291"]
[BlackElo "2202"]
[PlyCount "113"]
[EventDate "2006.06.17"]
[EventType "swiss"]
[EventRounds "9"]
[EventCountry "HUN"]
[SourceTitle "CBM 112 Extra"]
[Source "ChessBase"]
[SourceDate "2006.07.14"]
[SourceVersion "1"]
[SourceVersionDate "2006.07.14"]
[SourceQuality "1"]

1. e4 d5 2. exd5 Nf6 3. Bb5+ Bd7 4. Bc4 Bg4 5. f3 Bf5 6. Nc3 c6 7. dxc6 Nxc6 8. Nge2 e5 9. 0-0 h5 10. d3 Bc5+ 11. Kh1 h4 12. Bg5 Nd4 13. Ne4 Bxe4 14. fxe4 Qe7 15. Nxd4 Bxd4 16. Qf3 0-0-0 17. Bxf6 gxf6 18. Qxf6 Qxf6 19. Rxf6 Bxb2 20. Rb1 Bd4 21. Rxf7 b6 22. Rbf1 Bc5 23. Ba6+ Kb8 24. Rb7+ Ka8 25. Rff7 b5 26. Rxb5 Rdf8 27. Rbb7 h3 28. gxh3 Rhg8 29. Rxf8+ Bxf8 30. Rc7 Bh6 31. Rc8+ Rxc8 32. Bxc8 Kb8 33. Be6 Kc7 34. Kg2 Kd6 35. Bb3 Bd2 36. Kf3 Ke7 37. d4 Bf4 38. Kg4 Bxh2 39. d5 Kf6 40. h4 Bg1 41. d6 Bc5 42. d7 Bb6 43. h5 Bd8 44. h6 Kg6 45. h7 Kxh7 46. Kf5 Kg7 47. Kxe5 Be7 48. Kd5 Kf8 49. Kc6 Bd8 50. c4 Ke7 51. c5 Ba5 52. e5 Kd8 53. e6 Bd2 54. Kb7 a5 55. c6 Bf4 56. a3 Bd6 57. Ba4 1-0

[Event "SLO-chT"]
[Site "Bled"]
[Date "2005.11.03"]
[Round "1"]
[White "Malnar, Toni"]
[Black "Vospernik, Andrej"]
[Result "0-1"]
[WhiteElo "2070"]
[BlackElo "2199"]
[PlyCount "100"]
[EventDate "2005.11.03"]
[EventType "team"]
[EventRounds "9"]
[EventCountry "SLO"]
[SourceTitle "CBM 109 Extra"]
[Source "ChessBase"]
[SourceDate "2006.01.03"]
[SourceVersion "2"]
[SourceVersionDate "2006.01.03"]
[SourceQuality "1"]

1. d4 Nf6 2. Nf3 d6 3. g3 Nc6 4. Bg2 e5 5. dxe5 Nxe5 6. b3 c6 7. Bb2 Nxf3+ 8. Bxf3 Bh3 9. Nc3 d5 10. Qd4 Bd6 11. 0-0-0 Qb6 12. Qh4 Be6 13. Na4 Qc7 14. Qg5 Rg8 15. e4 dxe4 16. Bxf6 exf3 17. Rhe1 h6 18. Qh5 Kf8 19. Bb2 Qe7 20. Qxf3 Ba3 21. Qd3 b5 22. Bxa3 Qxa3+ 23. Nb2 Qc5 24. f4 g6 25. Re5 Qe7 26. g4 Kg7 27. Qe3 Rad8 28. Re1 Qd7 29. f5 gxf5 30. gxf5 Bxf5 31. h4 Kh7 32. Qf4 Be6 33. Nd3 Qd4 34. Qf3 Rg7 35. Kb1 Rg1 36. Rxg1 Qxg1+ 37. Re1 Qg4 38. Qf6 Rg8 39. Ne5 Qg7 40. Qf3 Qg3 41. Qe4+ f5 42. Qe2 Bd5 43. Nd3 Qxh4 44. Qe5 Be4 45. Rd1 Qg3 46. Nf4 Rg7 47. Rd8 Qf2 48. Rh8+ Kxh8 49. Ng6+ Kh7 50. Nf8+ Kg8 0-1

[Event "Balatonlelle op-B"]
[Site "Balatonlelle "]
[Date "2005.06.24"]
[Round "7"]
[White "Zilahi, Gabor"]
[Black "Vospernik, Andrej"]
[Result "0-1"]
[WhiteElo "2112"]
[BlackElo "2158"]
[PlyCount "58"]
[EventDate "2005.06.18"]
[EventType "swiss"]
[EventRounds "9"]
[EventCountry "HUN"]
[SourceTitle "EXT 2008"]
[Source "ChessBase"]
[SourceDate "2007.11.25"]
[SourceVersion "1"]
[SourceVersionDate "2007.11.25"]
[SourceQuality "1"]

1. d4 Nf6 2. Bg5 c5 3. d5 d6 4. Bxf6 gxf6 5. e3 Qb6 6. Qc1 e5 7. Nc3 f5 8. Bb5+ Bd7 9. a4 a6 10. Bf1 a5 11. Ra3 Na6 12. g3 Rg8 13. Nf3 Bh6 14. Bh3 f4 15. Bxd7+ Kxd7 16. Rb3 Nb4 17. Ne4 fxe3 18. fxe3 c4 19. Nf6+ Ke7 20. Nxg8+ Rxg8 21. Ra3 Nxd5 22. Nh4 Ke6 23. Ng2 f5 24. Rf1 Nf6 25. Rf2 Ng4 26. Re2 Nxh2 27. Nf4+ Bxf4 28. Rxh2 Bxg3+ 29. Rf2 Qc6 0-1